000 00584nam a2200193 i 4500
001 57371
003 ES-MaACL
005 20230906163550.0
007 t|
008 031016s1926 sp ||||1| spa d
100 1 _aDodero, Julián Pascual.
_944972
245 1 0 _aTopografía agrícola y agrimensura /
_cpor Julián Pascual Dodero.
260 _aMadrid :
_bEspasa-Calpe,
_c[1926]
300 _a430 p. ;
_c24 cm.
490 1 _aBiblioteca agrícola española
830 0 _aBiblioteca agrícola española
_9181895
852 _aES-MaACL
_jB-10192
_bR.21599
999 _c57371
_d57371